Housing and labour market distortions in Poland: Linkages and policy implications (Record no. 225551)

000 -LEADER
fixed length control field 00449cam a22001337a 4500
008 - FIXED-LENGTH DATA ELEMENTS--GENERAL INFORMATION
fixed length control field 180718b1988 xxu||||| |||| 00| 0 eng d
082 ## - DEWEY DECIMAL CLASSIFICATION NUMBER
Classification number XA04x438 In8
100 ## - MAIN ENTRY--PERSONAL NAME
Personal name Mayo, Stephen K.
245 ## - TITLE STATEMENT
Title Housing and labour market distortions in Poland: Linkages and policy implications
Statement of responsibility, etc. By Stephen K. Mayo and James I. Stein
260 ## - PUBLICATION, DISTRIBUTION, ETC.
Place of publication, distribution, etc. Washington, D.C.
Name of publisher, distributor, etc. IBRD
Date of publication, distribution, etc. 1988
300 ## - PHYSICAL DESCRIPTION
Extent 31p.
650 ## - SUBJECT ADDED ENTRY--TOPICAL TERM
Topical term or geographic name entry element Housing - Finance - Poland
700 ## - ADDED ENTRY--PERSONAL NAME
Personal name Stein, James I.
Holdings
Withdrawn status Lost status Damaged status Not for loan Permanent Location Current Location Date acquired Full call number Barcode Date last seen Price effective from Koha item type
        Indian Institute of Public Administration Indian Institute of Public Administration 1993-05-19 XA04x438 In8 WB2403 2018-07-20 2018-07-20 WB

Powered by Koha